Catálogo público

Elaboración de cartas descriptivas : (Record no. 207827)

MARC details
000 -CABECERA
campo de control de longitud fija 00945nam a2200289Ia 4500
001 - NÚMERO DE CONTROL
campo de control Para_9104
003 - IDENTIFICADOR DEL NÚMERO DE CONTROL
campo de control CHAP
008 - DATOS DE LONGITUD FIJA--INFORMACIÓN GENERAL
campo de control de longitud fija 220125s1977 xx 000 0 und d
010 ## - NÚMERO DE CONTROL DE LA BIBLIOTECA DEL CONGRESO
Número de control de LC 207827
020 ## - NÚMERO INTERNACIONAL ESTÁNDAR DEL LIBRO
Número Internacional Estándar del Libro 968 - 24 - 0585 - 8
040 ## - FUENTE DE LA CATALOGACIÓN
Centro/agencia transcriptor CHAP
082 ## - NÚMERO DE LA CLASIFICACIÓN DECIMAL DEWEY
Número de clasificación PA 371.332 G34
100 ## - ENTRADA PRINCIPAL--NOMBRE DE PERSONA
Nombre de persona Gago Huguet, Antonio
9 (RLIN) 44168
245 ## - MENCIÓN DE TÍTULO
Título Elaboración de cartas descriptivas :
Resto del título guía para preparar el programa de un curso /
Mención de responsabilidad, etc. Antonio Gago Huguet
260 ## - PUBLICACIÓN, DISTRIBUCIÓN, ETC.
Lugar de publicación, distribución, etc. México, D.F. :
Nombre del editor, distribuidor, etc. Trillas
300 ## - DESCRIPCIÓN FÍSICA
Extensión 115 p.
440 ## - MENCIÓN DE SERIE/PUNTO DE ACCESO ADICIONAL--TÍTULO
Título Cursos básicos para formación de profesores. Sistematización de la enseñanza: Organización de la actividad docente; 2
9 (RLIN) 174306
650 ## - PUNTO DE ACCESO ADICIONAL DE MATERIA--TÉRMINO DE MATERIA
Término de materia o nombre geográfico como elemento de entrada Educación
Subdivisión general curriculo
9 (RLIN) 35429
650 ## - PUNTO DE ACCESO ADICIONAL DE MATERIA--TÉRMINO DE MATERIA
Término de materia o nombre geográfico como elemento de entrada Educación
Subdivisión general metodología
9 (RLIN) 35463
901 ## - ELEMENTOS DE DATOS A LOCAL LDA (RLIN)
a PA 371.332 G34
902 ## - ELEMENTOS DE DATOS B LOCAL, LDB (RLIN)
a M
905 ## - ELEMENTOS DE DATOS E LOCAL, LDE (RLIN)
a 3232201977 2003 mx i 8000000300spa26
910 ## - DATOS DE OPCIÓN DEL USUARIO (OCLC)
Datos de opción del usuario 1977
942 ## - ELEMENTOS DE PUNTO DE ACCESO ADICIONAL (KOHA)
Tipo de ítem Koha Parasitologia_
942 ## - ELEMENTOS DE PUNTO DE ACCESO ADICIONAL (KOHA)
Tipo de ítem Koha Parasitologia_
-- 1
Holdings
Estado de retiro Estado de pérdida Fuente del sistema de clasificación o colocación Estado dañado Restricciones de uso No para préstamo Código de colección Localización permanente Ubicación/localización actual Fecha de adquisición Información codificada de la localización en otra ubicación Número de inventario Total de préstamos Signatura topográfica completa Código de barras Fecha visto por última vez Número de copia Precio válido a partir de Tipo de ítem Koha Nota pública
    Dewey Decimal Classification   Préstamo 3 días   General Parasitologia Agricola Parasitologia Agricola 20/01/2006 PARA (PA_8889) (No. UACh C/E)   PA 371.3028 G34 4102000097 25/01/2022 Ej.1 25/01/2022 Libro 3